MARC details
| 000 -LEADER |
| fixed length control field |
01897cas a22002895a 4500 |
| 001 - CONTROL NUMBER |
| control field |
L129932 |
| 008 - FIXED-LENGTH DATA ELEMENTS--GENERAL INFORMATION |
| fixed length control field |
050606n xxkmr p 0 a0eng u |
| 022 1# - INTERNATIONAL STANDARD SERIAL NUMBER |
| International Standard Serial Number |
1465-1076 |
| 035 ## - SYSTEM CONTROL NUMBER |
| System control number |
(Sirsi) u129932 |
| 041 0# - LANGUAGE CODE |
| Language code of text/sound track or separate title |
eng |
| 110 2# - MAIN ENTRY--CORPORATE NAME |
| Corporate name or jurisdiction name as entry element |
Royal Institution of Chartered Surveyors |
| Subordinate unit |
Public Affairs |
| 9 (RLIN) |
4679 |
| 240 1# - UNIFORM TITLE |
| Uniform title |
RICS Housing Market Survey United Kingdom |
| 245 00 - TITLE STATEMENT |
| Title |
RICS Housing Market Survey |
| 246 ## - VARYING FORM OF TITLE |
| Title proper/short title |
RICS Residential Market Survey |
| 260 ## - PUBLICATION, DISTRIBUTION, ETC. |
| Place of publication, distribution, etc. |
London |
| Name of publisher, distributor, etc. |
RICS |
| Date of publication, distribution, etc. |
1988- |
| 362 0# - DATES OF PUBLICATION AND/OR SEQUENTIAL DESIGNATION |
| Dates of publication and/or sequential designation |
London: Quarter ending 31 January 1980- [incomplete holdings] |
| 362 0# - DATES OF PUBLICATION AND/OR SEQUENTIAL DESIGNATION |
| Dates of publication and/or sequential designation |
Edinburgh: December 1995/February 1996- |
| 520 ## - SUMMARY, ETC. |
| Summary, etc. |
Monthly survey of RICS members' opinions of the housing market. Provides details of reports of price changes, property sales, stocks of property, newly agreed and expected sales, expected changes in prices, buyer enquiries, and new instruction. Includes tables of the proportion of surveyors reporting prices changes by property type within each band of price rise or fall. Gives regional figures and a summary of market comments from chartered surveyors. Covers England, Wales and Scotland. The free web version of the survey does not include some of the national analysis in the subscriber version. |
| 520 ## - SUMMARY, ETC. |
| Summary, etc. |
From May 2006, the Survey covers the United Kingdom rather than Great Britain. |
| 520 ## - SUMMARY, ETC. |
| Summary, etc. |
Became the Residential Market Survey. |
| 650 ## - SUBJECT ADDED ENTRY--TOPICAL TERM |
| Topical term or geographic name entry element |
RICS HOUSING MARKET SURVEY GREAT BRITAIN |
| 651 #4 - SUBJECT ADDED ENTRY--GEOGRAPHIC NAME |
| Geographic name |
United Kingdom |
| 690 ## - LOCAL SUBJECT ADDED ENTRY--TOPICAL TERM (OCLC, RLIN) |
| Topical term or geographic name as entry element |
PROPERTY-RESIDENTIAL PROPERTY-RESIDENTIAL PROPERTY MARKET |
| 856 ## - ELECTRONIC LOCATION AND ACCESS |
| Uniform Resource Identifier |
<a href="http://web.archive.org/web/20080208134320/https://www.rics.org/Practiceareas/Property/Residential/Market/market_surveys.htm">http://web.archive.org/web/20080208134320/https://www.rics.org/Practiceareas/Property/Residential/Market/market_surveys.htm</a> |
| Public note |
Archive of older press releases about the Housing Market Survey |
| 856 ## - ELECTRONIC LOCATION AND ACCESS |
| Uniform Resource Identifier |
<a href="https://www.rics.org/news-insights/market-surveys/uk-residential-market-survey">https://www.rics.org/news-insights/market-surveys/uk-residential-market-survey</a> |
| Public note |
Access the Residential Market Survey here |
| 942 ## - ADDED ENTRY ELEMENTS (KOHA) |
| Suppress in OPAC |
0 |
| Source of classification or shelving scheme |
Dewey Decimal Classification |